[Event "Budapest FS10 IM"]
[Site "Budapest"]
[Date "2020.10.10"]
[Round "7"]
[White "Czerwonski, Aleksander"]
[Black "Balint, Vilmos"]
[Result "0-1"]
[WhiteElo "2348"]
[BlackElo "2230"]
[PlyCount "112"]
[EventDate "2020.10.03"]
[EventType "tourn"]
[EventRounds "9"]
[EventCountry "HUN"]
[EventCategory "1"]
[SourceTitle "CBM 198 Extra"]
[Source "ChessBase"]
[SourceDate "2020.11.30"]
[SourceVersion "1"]
[SourceVersionDate "2020.11.30"]
[SourceQuality "1"]

1. d4 Nf6 2. c4 e6 3. Nf3 c5 4. d5 b5 5. Bg5 b4 6. e4 d6 7. Bd3 Be7 8. 0-0 e5 9. a3 Na6 10. h3 h6 11. Be3 Nd7 12. Nbd2 Bg5 13. Nxg5 hxg5 14. Qg4 f6 15. Qe6+ Qe7 16. Qxe7+ Kxe7 17. Nb3 bxa3 18. bxa3 Nb6 19. Na5 Bd7 20. f3 Rab8 21. Rfb1 Na4 22. Rxb8 Rxb8 23. Rb1 Rb6 24. Bd2 Nc7 25. Nb3 Ra6 26. Kf2 Na8 27. Ke2 N4b6 28. Na5 Ba4 29. Rh1 Nd7 30. h4 gxh4 31. Rxh4 Nf8 32. Rh8 Rb6 33. Bc3 Rb8 34. Bc2 Be8 35. Rh1 Rb6 36. Kd2 Rb8 37. g3 Nb6 38. Rb1 Kd8 39. f4 Ng6 40. f5 Nf8 41. g4 Nh7 42. Rh1 Ng5 43. Rh8 Kc7 44. Kd3 Bd7 45. Rh1 Ba4 46. Bxa4 Nxa4 47. Bd2 Nb2+ 48. Kc2 Nxe4 49. Rh7 Nxd2 50. Rxg7+ Kb6 51. Nc6 Rh8 52. Kxd2 Nxc4+ 53. Kd3 Nxa3 54. g5 c4+ 55. Kc3 Rh3+ 56. Kb2 Rb3+ 0-1

[Event "Budapest FS10 IM"]
[Site "Budapest"]
[Date "2020.10.06"]
[Round "4"]
[White "Karacsonyi, Gellert"]
[Black "Czerwonski, Aleksander"]
[Result "0-1"]
[WhiteElo "2299"]
[BlackElo "2348"]
[PlyCount "140"]
[EventDate "2020.10.03"]
[EventType "tourn"]
[EventRounds "9"]
[EventCountry "HUN"]
[EventCategory "1"]
[SourceTitle "CBM 198 Extra"]
[Source "ChessBase"]
[SourceDate "2020.11.30"]
[SourceVersion "1"]
[SourceVersionDate "2020.11.30"]
[SourceQuality "1"]

1. e4 d6 2. d4 Nf6 3. Nc3 g6 4. Bf4 Bg7 5. Qd2 Nc6 6. 0-0-0 0-0 7. f3 Nh5 8. Bh6 e5 9. Bxg7 Kxg7 10. Nge2 Nxd4 11. Nxd4 exd4 12. Qxd4+ Kg8 13. Nd5 Be6 14. g4 Bxd5 15. gxh5 Qg5+ 16. Kb1 Be6 17. hxg6 fxg6 18. Bc4 Rae8 19. Bxe6+ Rxe6 20. Qc4 Qe7 21. Qb3 b6 22. h4 Qf7 23. h5 g5 24. h6 Re5 25. Qc3 Rc5 26. Qd4 Qf6 27. b4 Qxd4 28. Rxd4 Re5 29. Rc4 Rf7 30. Rg1 Kf8 31. a3 Ke8 32. Rc3 Kd7 33. Rd3 Rf6 34. Rh1 Ke6 35. Rh5 Kf7 36. Rc3 Kg6 37. Rh1 Re7 38. Kc1 Ref7 39. Rh3 Rf4 40. Re3 Rh4 41. Rg3 Kxh6 42. Kd2 Kg6 43. Rg2 Rhf4 44. Ke2 h5 45. b5 Re7 46. a4 g4 47. fxg4 Rxg4 48. Rgg3 Rexe4 49. Rxe4 Rxg3 50. Rc4 Rg4 51. Rxc7 Rxa4 52. Rd7 Kf5 53. Rxd6 Rc4 54. Rd5+ Kg4 55. Kd3 Rc7 56. Rd8 h4 57. Rg8+ Kf3 58. Rh8 Rd7+ 59. Kc4 Kg3 60. Rg8+ Kh2 61. Kb4 h3 62. c4 Kh1 63. c5 Rd4+ 64. Kc3 bxc5 65. Ra8 Rb4 66. Rxa7 Rxb5 67. Ra1+ Kg2 68. Ra2+ Kg3 69. Kc4 Rb1 70. Ra3+ Kg4 0-1

[Event "Bohumin op 3rd"]
[Site "Bohumin"]
[Date "2020.07.24"]
[Round "7"]
[White "Michenka, Jozef"]
[Black "Czerwonski, Aleksander"]
[Result "1/2-1/2"]
[WhiteElo "2299"]
[BlackElo "2362"]
[PlyCount "116"]
[EventDate "2020.07.18"]
[EventType "swiss"]
[EventRounds "9"]
[EventCountry "CZE"]
[SourceTitle "CBM 197 Extra"]
[Source "ChessBase"]
[SourceDate "2020.09.30"]
[SourceVersion "1"]
[SourceVersionDate "2020.09.30"]
[SourceQuality "1"]

1. d4 Nf6 2. c4 g6 3. Nc3 Bg7 4. e4 0-0 5. Bd3 d6 6. h3 Nc6 7. Nge2 e5 8. d5 Nd4 9. Be3 Nh5 10. Qd2 c5 11. Ng3 Nxg3 12. fxg3 a6 13. 0-0 Bd7 14. Rf2 Rb8 15. Raf1 b5 16. g4 bxc4 17. Bxc4 Bb5 18. b3 Bxc4 19. bxc4 Rb4 20. Qd3 Qh4 21. Kh2 Qe7 22. Bc1 Rfb8 23. g5 R4b7 24. Nd1 Rb1 25. Bb2 R1xb2 26. Nxb2 Qxg5 27. Qa3 f5 28. Qxa6 fxe4 29. Qa7 Rd8 30. Rf7 Qh6 31. Qe7 Ra8 32. Qb7 Rd8 33. Qe7 Ra8 34. Nd1 Nf5 35. Qe6 Kh8 36. Rc7 Rf8 37. Rc8 Qg5 38. Rxf8+ Bxf8 39. Qf7 Be7 40. Rxf5 gxf5 41. Ne3 Qf4+ 42. Kh1 Qxe3 43. Qe8+ Kg7 44. Qxe7+ Kg8 45. Qe6+ Kg7 46. Qxf5 Qe1+ 47. Kh2 e3 48. Qd7+ Kg8 49. Qe6+ Kg7 50. Qxd6 e2 51. Qxe5+ Kg6 52. Qe6+ Kg7 53. d6 Qf2 54. Qe5+ Kg6 55. d7 e1Q 56. Qxe1 Qxe1 57. d8Q Qe5+ 58. Kg1 Qe1+ 1/2-1/2

[Event "Warsaw Przepiorka Memorial"]
[Site "Warsaw"]
[Date "2019.12.29"]
[Round "6"]
[White "Dzida, Kamil"]
[Black "Czerwonski, Aleksander"]
[Result "1/2-1/2"]
[WhiteElo "2090"]
[BlackElo "2358"]
[PlyCount "93"]
[EventDate "2019.12.27"]
[EventType "swiss"]
[EventRounds "9"]
[EventCountry "POL"]
[SourceTitle "CBM 194 Extra"]
[Source "ChessBase"]
[SourceDate "2020.03.31"]
[SourceVersion "1"]
[SourceVersionDate "2020.03.31"]
[SourceQuality "1"]

1. e4 d6 2. d4 Nf6 3. Nc3 g6 4. Nf3 Bg7 5. Be2 0-0 6. 0-0 Nc6 7. d5 Nb8 8. h3 c6 9. Be3 Nbd7 10. a4 Qc7 11. a5 Nc5 12. Nd2 cxd5 13. exd5 Bf5 14. Bf3 Na6 15. Ra4 Bd7 16. Rh4 Qxa5 17. Bh6 Bxh6 18. Rxh6 Qb4 19. Nde4 Qxb2 20. Nxf6+ exf6 21. Qd2 Rac8 22. Ne4 Qe5 23. Rh4 g5 24. Rh5 Bf5 25. Nxg5 fxg5 26. Rxg5+ Kh8 27. Bg4 Rxc2 28. Qa5 Rc5 29. Qa3 Qc3 30. Qxc3+ Rxc3 31. Bxf5 h6 32. Rh5 Kg7 33. Re1 Nc5 34. g4 a5 35. h4 a4 36. g5 hxg5 37. Rxg5+ Kf6 38. Bg4 Rd8 39. Rf5+ Kg7 40. Re7 Rf8 41. Rg5+ Kf6 42. Re1 Rh8 43. Rf5+ Kg6 44. Rg5+ Kh6 45. Re7 Rf8 46. Rh5+ Kg6 47. Rg5+ 1/2-1/2

[Event "Trzcianka Dziedzic Memorial 8th"]
[Site "Trzcianka"]
[Date "2018.10.14"]
[Round "3"]
[White "Czerwonski, Aleksander"]
[Black "Maciejewski, Andrzej"]
[Result "1-0"]
[WhiteElo "2365"]
[BlackElo "2334"]
[PlyCount "83"]
[EventDate "2018.10.14"]
[EventType "swiss (rapid)"]
[EventRounds "9"]
[EventCountry "POL"]
[SourceTitle "CBM 186 Extra"]
[Source "ChessBase"]
[SourceDate "2018.08.24"]
[SourceVersion "1"]
[SourceVersionDate "2018.08.24"]
[SourceQuality "1"]

1. d4 g6 2. c4 c6 3. e4 d6 4. Ne2 Bg7 5. Be3 a6 6. Nec3 b5 7. Nd2 Nf6 8. Be2 0-0 9. 0-0 e5 10. d5 b4 11. Na4 c5 12. a3 a5 13. Nxc5 dxc5 14. Bxc5 Re8 15. axb4 Na6 16. Rxa5 Rb8 17. Be3 Nxb4 18. Ra7 Re7 19. b3 Rxa7 20. Bxa7 Ra8 21. Bc5 Bf8 22. Bxf8 Qxf8 23. Nf3 Nd7 24. Qd2 Kg7 25. Qc3 f6 26. Ra1 Rxa1+ 27. Qxa1 Qc5 28. Qa8 Nb6 29. Qb8 Nd7 30. Qa8 Nb6 31. Qa7+ Nd7 32. Qa4 Nb6 33. Qe8 Bd7 34. Qd8 Nc2 35. h3 h5 36. Nh4 Nb4 37. Nxg6 Kxg6 38. Qg8+ Kh6 39. Qh8+ Kg6 40. Bxh5+ Kg5 41. g3 Bxh3 42. Bf7 1-0

[Event "Budapest FS09 IM"]
[Site "Budapest"]
[Date "2018.09.08"]
[Round "7"]
[White "To, Nhat Minh"]
[Black "Czerwonski, Aleksander"]
[Result "1/2-1/2"]
[WhiteElo "2352"]
[BlackElo "2379"]
[PlyCount "68"]
[EventDate "2018.09.01"]
[EventType "tourn"]
[EventRounds "9"]
[EventCountry "HUN"]
[EventCategory "1"]
[SourceTitle "CBM 186 Extra"]
[Source "ChessBase"]
[SourceDate "2018.08.24"]
[SourceVersion "1"]
[SourceVersionDate "2018.08.24"]
[SourceQuality "1"]

1. e4 e5 2. Nc3 Nf6 3. f4 d5 4. exd5 Nxd5 5. fxe5 Nxc3 6. bxc3 Qh4+ 7. Ke2 Bg4+ 8. Nf3 Nc6 9. d4 0-0-0 10. Qe1 Qh5 11. Kf2 f6 12. Bb5 fxe5 13. Bxc6 bxc6 14. Qxe5 Qg6 15. Re1 Bd6 16. Qg5 Rhf8 17. Qxg6 hxg6 18. Bg5 Rde8 19. Rxe8+ Rxe8 20. Re1 Rxe1 21. Kxe1 c5 22. dxc5 Bxc5 23. Nd4 Bxd4 24. cxd4 Be6 25. a3 Kb7 26. Kd2 Kb6 27. Bf4 Bd5 28. g4 c6 29. Be5 Kb5 30. Bxg7 Be6 31. g5 Kc4 32. h4 Bg4 33. c3 a5 34. Be5 a4 1/2-1/2

[Event "Budapest FS09 IM"]
[Site "Budapest"]
[Date "2018.09.04"]
[Round "4"]
[White "Czerwonski, Aleksander"]
[Black "Gombocz, Ferenc Jr"]
[Result "1/2-1/2"]
[WhiteElo "2379"]
[BlackElo "2295"]
[PlyCount "120"]
[EventDate "2018.09.01"]
[EventType "tourn"]
[EventRounds "9"]
[EventCountry "HUN"]
[EventCategory "1"]
[SourceTitle "CBM 186 Extra"]
[Source "ChessBase"]
[SourceDate "2018.08.24"]
[SourceVersion "1"]
[SourceVersionDate "2018.08.24"]
[SourceQuality "1"]

1. d4 d5 2. c4 c6 3. Nf3 Nf6 4. Nc3 a6 5. g3 Bf5 6. Bg2 e6 7. 0-0 Nbd7 8. Nh4 Bg4 9. h3 Bh5 10. cxd5 cxd5 11. Qb3 Qb6 12. e4 Qxb3 13. axb3 dxe4 14. Nxe4 Nd5 15. Nc3 N7b6 16. Nxd5 Nxd5 17. Bxd5 exd5 18. Re1+ Kd7 19. Re5 Bd1 20. Rxd5+ Kc6 21. Re5 Bxb3 22. Bf4 Kd7 23. Rb5 axb5 24. Rxa8 f6 25. Bd2 Rg8 26. Nf5 g6 27. Ne3 Bd6 28. Ra7 Kc7 29. Ra1 b4 30. Rc1+ Kb6 31. Ng4 f5 32. Nf6 Ra8 33. Nd7+ Kb5 34. Nc5 Bd5 35. Nd3 Ra2 36. Bf4 Be4 37. Bxd6 Bxd3 38. b3 Rc2 39. Rxc2 Bxc2 40. Kf1 Bxb3 41. Ke2 Kc4 42. Kd2 Ba4 43. d5 b3 44. Ba3 Kxd5 45. Ke3 Bd7 46. f4 b6 47. Bb2 Bc8 48. h4 Ba6 49. Bg7 b5 50. Bb2 b4 51. Bg7 Kc4 52. Kd2 Kd5 53. Ke3 b2 54. Bxb2 Kc4 55. Kd2 Kb3 56. Bf6 Bb7 57. Bg7 Kc4 58. Bf6 Ba6 59. Bg7 Kd5 60. Ke3 Bb5 1/2-1/2

[Event "Bialystok Zamenhof Memorial 36th"]
[Site "Bialystok"]
[Date "2017.12.30"]
[Round "8"]
[White "Czerwonski, Aleksander"]
[Black "Mis, Mieszko"]
[Result "1-0"]
[WhiteElo "2386"]
[BlackElo "2240"]
[PlyCount "143"]
[EventDate "2017.12.27"]
[EventType "swiss"]
[EventRounds "9"]
[EventCountry "POL"]
[SourceTitle "CBM 182 Extra"]
[Source "ChessBase"]
[SourceDate "2018.02.23"]
[SourceVersion "1"]
[SourceVersionDate "2018.02.23"]
[SourceQuality "1"]

1. d4 Nf6 2. c4 e6 3. Nf3 d5 4. Bg5 Be7 5. e3 0-0 6. Nc3 b6 7. Qc2 Bb7 8. cxd5 Nxd5 9. Nxd5 Bxd5 10. Bxe7 Qxe7 11. Bd3 h6 12. 0-0 Rc8 13. Bh7+ Kh8 14. Be4 c5 15. Bxd5 exd5 16. Qf5 Qd7 17. Qh5 Nc6 18. dxc5 bxc5 19. Rfd1 Rd8 20. Rac1 Rab8 21. b3 Qe7 22. Rxd5 Nb4 23. Rxd8+ Rxd8 24. h3 Rd5 25. Qg4 Nxa2 26. e4 f5 27. Qh5 Nxc1 28. exd5 Qd7 29. Ne5 Qxd5 30. Qxf5 Kg8 31. Qc8+ Kh7 32. Qf5+ Kg8 33. h4 Nd3 34. Qc8+ Kh7 35. Qf5+ Kg8 36. Qc8+ Kh7 37. Nxd3 Qxd3 38. Qxc5 Qxb3 39. Qxa7 Qb4 40. g3 Qe1+ 41. Kh2 Qe4 42. Qe3 Qd5 43. f3 Qb5 44. Qe4+ Kg8 45. g4 Qb2+ 46. Kg3 Qb8+ 47. Kh3 Qb2 48. g5 hxg5 49. Qe8+ Kh7 50. hxg5 Qf2 51. Qe4+ g6 52. Qe7+ Kg8 53. Qe6+ Kg7 54. Qf6+ Kh7 55. Qf7+ Kh8 56. Qf8+ Kh7 57. Qh6+ Kg8 58. Qxg6+ Kh8 59. Qf6+ Kg8 60. Qe6+ Kg7 61. Qe5+ Kg8 62. Kg4 Qg2+ 63. Qg3 Qe2 64. Qb8+ Kg7 65. Qc7+ Kg8 66. Qd8+ Kg7 67. Qd4+ Kg8 68. Qd5+ Kg7 69. Kf5 Qc2+ 70. Ke6 Kh8 71. Kf6 Qc3+ 72. Qe5 1-0

[Event "Bialystok Zamenhof Memorial 36th"]
[Site "Bialystok"]
[Date "2017.12.29"]
[Round "5"]
[White "Warakomska, Anna"]
[Black "Czerwonski, Aleksander"]
[Result "1-0"]
[WhiteElo "2238"]
[BlackElo "2386"]
[PlyCount "57"]
[EventDate "2017.12.27"]
[EventType "swiss"]
[EventRounds "9"]
[EventCountry "POL"]
[SourceTitle "CBM 182 Extra"]
[Source "ChessBase"]
[SourceDate "2018.02.23"]
[SourceVersion "1"]
[SourceVersionDate "2018.02.23"]
[SourceQuality "1"]

1. e4 c6 2. d4 d5 3. e5 Bf5 4. Nf3 e6 5. Be2 c5 6. Be3 cxd4 7. Nxd4 Ne7 8. 0-0 Nbc6 9. Bb5 a6 10. Bxc6+ bxc6 11. Bg5 Qc7 12. Bxe7 Bxe7 13. Nxf5 exf5 14. Re1 0-0 15. Qd3 f6 16. e6 Bd6 17. h3 Rfe8 18. c4 Be5 19. Nc3 d4 20. Na4 f4 21. c5 Qa5 22. Nb6 Rad8 23. Qc4 Re7 24. a4 Qd2 25. Re2 Qxe2 26. Qxe2 d3 27. Qd2 Bd4 28. Re1 Bxc5 29. Nd7 1-0

[Event "Bialystok Zamenhof Memorial 36th"]
[Site "Bialystok"]
[Date "2017.12.28"]
[Round "4"]
[White "Czerwonski, Aleksander"]
[Black "Klekowski, Maciej"]
[Result "0-1"]
[WhiteElo "2386"]
[BlackElo "2498"]
[PlyCount "48"]
[EventDate "2017.12.27"]
[EventType "swiss"]
[EventRounds "9"]
[EventCountry "POL"]
[SourceTitle "CBM 182 Extra"]
[Source "ChessBase"]
[SourceDate "2018.02.23"]
[SourceVersion "1"]
[SourceVersionDate "2018.02.23"]
[SourceQuality "1"]

1. d4 Nf6 2. c4 e6 3. Nf3 b6 4. g3 Ba6 5. b3 Bb4+ 6. Bd2 Be7 7. Bg2 d5 8. cxd5 exd5 9. 0-0 0-0 10. Nc3 Nbd7 11. Ne5 Bb7 12. Rc1 a6 13. Bf4 Bd6 14. Qc2 Re8 15. Na4 Nf8 16. Nd3 Bxf4 17. Nxf4 Re7 18. b4 Qd6 19. Nc3 Ng6 20. Nxg6 hxg6 21. Qb3 g5 22. e3 g6 23. Na4 Kg7 24. Nc5 bxc5 0-1

[Event "Suwalki Warakomska Memorial 1st"]
[Site "Suwalki"]
[Date "2017.08.13"]
[Round "3"]
[White "Mastrovasilis, Dimitrios"]
[Black "Czerwonski, Aleksander"]
[Result "1-0"]
[WhiteElo "2596"]
[BlackElo "2392"]
[PlyCount "75"]
[EventDate "2017.08.11"]
[EventType "swiss"]
[EventRounds "9"]
[EventCountry "POL"]
[SourceTitle "CBM 180 Extra"]
[Source "ChessBase"]
[SourceDate "2017.10.06"]
[SourceVersion "1"]
[SourceVersionDate "2017.10.06"]
[SourceQuality "1"]

1. e4 e5 2. Nf3 Nc6 3. Bb5 a6 4. Ba4 Nf6 5. 0-0 Be7 6. Re1 b5 7. Bb3 d6 8. c3 0-0 9. d4 Bg4 10. d5 Na5 11. Bc2 c6 12. h3 Bc8 13. dxc6 Qc7 14. Nbd2 Nxc6 15. Nf1 Re8 16. Bg5 h6 17. Bxf6 Bxf6 18. Ne3 Ne7 19. Bb3 Be6 20. Qd3 Ng6 21. Rad1 Rad8 22. Nd5 Bxd5 23. Qxd5 Nf4 24. Qd2 Rd7 25. h4 Qc8 26. g3 Ng6 27. Qe2 Bd8 28. Nh2 Bb6 29. Qf3 Qc5 30. Ng4 Qc7 31. Re2 Nf8 32. Red2 Ree7 33. Qf5 Nh7 34. Kh2 Kh8 35. Kg2 g6 36. Qf3 Kg7 37. h5 gxh5 38. Nxh6 1-0

[Event "Suwalki Warakomska Memorial 1st"]
[Site "Suwalki"]
[Date "2017.08.11"]
[Round "1"]
[White "Czerwonski, Aleksander"]
[Black "Zgadzaj, Rafal"]
[Result "1-0"]
[WhiteElo "2392"]
[BlackElo "2147"]
[PlyCount "89"]
[EventDate "2017.08.11"]
[EventType "swiss"]
[EventRounds "9"]
[EventCountry "POL"]
[SourceTitle "CBM 180 Extra"]
[Source "ChessBase"]
[SourceDate "2017.10.06"]
[SourceVersion "1"]
[SourceVersionDate "2017.10.06"]
[SourceQuality "1"]

1. d4 d5 2. c4 e6 3. Nf3 c6 4. e3 Nf6 5. Nc3 Be7 6. Qc2 0-0 7. e4 dxe4 8. Nxe4 Bb4+ 9. Bd2 Bxd2+ 10. Nexd2 Nbd7 11. Be2 Qc7 12. 0-0 e5 13. Rfe1 exd4 14. Nxd4 Ne5 15. N2f3 Re8 16. Rad1 Bg4 17. Nxe5 Qxe5 18. h3 Bxe2 19. Rxe2 Qc5 20. Rxe8+ Rxe8 21. Nb3 Qg5 22. Qd2 Qf5 23. Qa5 Qc2 24. Rd8 Qxb2 25. Rxe8+ Nxe8 26. Qxa7 Qb1+ 27. Kh2 Qe4 28. Qxb7 Qxc4 29. Qe7 Qf4+ 30. Kg1 Qb8 31. a4 g6 32. a5 Nc7 33. Nc5 Nd5 34. Qe1 Qb5 35. Nd7 Nc7 36. Qe7 Ne6 37. Nf6+ Kg7 38. Ne8+ Kg8 39. Nd6 Qe5 40. Qxf7+ Kh8 41. Qe8+ Kg7 42. Qd7+ Kf6 43. Qf7+ Kg5 44. Qe7+ Kh5 45. g4+ 1-0